| 000 | 00728nam a2200229Ia 4500 | ||
|---|---|---|---|
| 005 | 20221118150836.0 | ||
| 008 | 210716s1997 xx 000 0 und d | ||
| 020 | _a8120311047 | ||
| 040 | _cAIMIT LIBRARY | ||
| 041 | _aeng | ||
| 082 |
_a621.392 _24 _bRAJV |
||
| 100 |
_aRajaraman, V. _962704 |
||
| 245 |
_aIntroduction to digital computer design / _cBy V Rajaraman and T Radhakrishnan. |
||
| 250 | _a4th ed. | ||
| 260 |
_aNew Delhi : _bPrentice Hall of India PVt Ltd , _c1997. |
||
| 300 |
_aix,522p. ; _c21 cm. |
||
| 650 |
_aData representation _962705 |
||
| 650 |
_aArithmetic operation _962706 |
||
| 650 |
_aCentral processing unit _962707 |
||
| 700 |
_aRadhakrishnan, T. _962708 |
||
| 942 |
_2ddc _cBK _e4th _k621.392 RAJV |
||
| 999 |
_c182593 _d182593 |
||